000 00822nam a2200229Ia 4500
008 130821s1999 sp a gr spa
020 _a84 8013 165 9
040 _aCo-BoUCM
_bspa
041 0 0 _aspa
100 1 _aFerrández Sebastián, Joaquín
_9169810
245 1 0 _aFútbol. Entrenamiento físico basado en la táctica y la estrategia
_cJoaquín Ferrández Sebastián
260 _aMadrid (España)
_bGymnos
_c1999
300 _a2 volúmenes
_bilustraciones
505 _gv.2
_tEntrenamientos físico tácticos.
650 _aAptitud atlética
_99273
650 _aDeportes
_9388
650 _aEntrenamiento de fútbol
_914627
650 _aFútbol
_vEjercicios
_97649
650 _aFútbol
_xEstrategia y técnicas
_97649
942 _cLIBRO
_a11
_e1
_mF394f
_2DEWEY
_h796.334
999 _c77744
_d77744